Library Logo

Pioneer International University Library Catalogue

Bustani ya edeni / (Record no. 9334)

MARC details
000 -LEADER
fixed length control field 00728cam a22002537a 4500
001 - CONTROL NUMBER
control field 14138087
003 - CONTROL NUMBER IDENTIFIER
control field OSt
005 - DATE AND TIME OF LATEST TRANSACTION
control field 20250901165808.0
008 - FIXED-LENGTH DATA ELEMENTS--GENERAL INFORMATION
fixed length control field 051012s2002 tz 000 | swa
010 ## - LIBRARY OF CONGRESS CONTROL NUMBER
LC control number 2005328640
020 ## - INTERNATIONAL STANDARD BOOK NUMBER
International Standard Book Number 9976983085
040 ## - CATALOGING SOURCE
Original cataloging agency DLC
Transcribing agency DLC
042 ## - AUTHENTICATION CODE
Authentication code lcode
050 00 - LIBRARY OF CONGRESS CALL NUMBER
Classification number PL8704 .M36 2002
100 1# - MAIN ENTRY--PERSONAL NAME
Personal name Mbogo, E.
Fuller form of name (Emanuel),
Dates associated with a name 1947-
245 10 - TITLE STATEMENT
Title Bustani ya edeni /
Statement of responsibility, etc. [Emmanuel Mbogo].
260 ## - PUBLICATION, DISTRIBUTION, ETC.
Place of publication, distribution, etc. Dar es Salaam :
Name of publisher, distributor, etc. MPB Enterprises,
Date of publication, distribution, etc. c2002.
300 ## - PHYSICAL DESCRIPTION
Extent 90 p. ;
Dimensions 20 cm.
520 ## - SUMMARY, ETC.
Summary, etc. Short story.
546 ## - LANGUAGE NOTE
Language note In Swahili.
906 ## - LOCAL DATA ELEMENT F, LDF (RLIN)
a 7
b cbc
c origode
d 4
e ncip
f 20
g y-gencatlg
942 ## - ADDED ENTRY ELEMENTS (KOHA)
Source of classification or shelving scheme Library of Congress Classification
Koha item type Books
Holdings
Withdrawn status Lost status Source of classification or shelving scheme Damaged status Not for loan Collection Home library Current library Shelving location Date acquired Source of acquisition Total checkouts Full call number Barcode Date due Date last seen Date last checked out Price effective from Koha item type
    Library of Congress Classification       Main Library PIU Library   03/20/2025 Donation from KICD 1 PL8704 .M36 2002 PIUD0000191 03/17/2026 03/17/2026 03/17/2026 03/20/2025 Books
    Library of Congress Classification       Main Library PIU Library   03/20/2025 Donation from KICD 1 PL8704 .M36 2002 PIUD0000192 03/18/2026 03/18/2026 03/18/2026 03/20/2025 Books